[Event "Skakligaen 2023-24"]
[Site "Denmark"]
[Date "2023.11.26"]
[Round "3.1"]
[Board "1"]
[White "Ramsdal, Jens Albert"]
[Black "Ochsner, Bjorn Moller"]
[Result "0-1"]
[WhiteElo "2399"]
[BlackElo "2537"]
[PlyCount "184"]
[WhiteTeam "SK1968"]
[BlackTeam "AarhusSkolerne"]
[WhiteTeamCountry "DEN"]
[BlackTeamCountry "DEN"]
[EventDate "2023.10.28"]
[EventType "team-tourn"]
[EventRounds "9"]
[EventCountry "DEN"]
[SourceTitle "Erik Sobjerg"]
[Table "1"]

1. d4 Nf6 2. c4 g6 3. Nc3 Bg7 4. e4 d6 5. Nf3 O-O 
6. Be2 Nbd7 7. O-O e5 8. Be3 Re8 9. Qc2 exd4 10. Nxd4 Nc5 
11. f3 a5 12. Qd2 Bd7 13. Rfe1 Qe7 14. Bf1 h5 15. Rad1 b6 
16. Bg5 Qf8 17. Ndb5 Rac8 18. Bf4 Nb7 19. h4 Be6 20. Nd4 Bd7 
21. Ndb5 Be6 22. a3 Nd7 23. Nd4 Ne5 24. Nxe6 fxe6 25. Bg5 Nf7 
26. Be3 Qe7 27. Qf2 Rf8 28. Qg3 Kh7 29. Be2 Bf6 30. Bf2 Bxc3 
31. bxc3 Nc5 32. Bxc5 bxc5 33. f4 Nh6 34. Rb1 Qf7 35. Rf1 Rb8 
36. Rb5 Rxb5 37. cxb5 Qg7 38. Rd1 Qe7 39. Qg5 Qxg5 40. hxg5 Nf7 
41. Bc4 Re8 42. e5 d5 43. Bxd5 exd5 44. Rxd5 Nd8 45. Rd7+ Kg8 
46. Rxc7 Ne6 47. Ra7 Nxf4 48. b6 Rb8 49. b7 Kf7 50. Kf2 Ke6 
51. Kf3 Kxe5 52. Rxa5 Rxb7 53. Rxc5+ Kd6 54. Ra5 Ne6 55. Ra8 Rb3 
56. Rg8 Rxc3+ 57. Ke4 Rxa3 58. Rxg6 Ra4+ 59. Kf3 Rg4 60. g3 Ke5 
61. Rh6 Rxg5 62. Kf2 Nc5 63. Kg2 Ne4 64. Kh3 Nxg3 65. Kh4 Rg4+ 
66. Kh3 Kf4 67. Ra6 Nf5 68. Ra4+ Kg5 69. Ra3 h4 70. Ra8 Rg3+ 
71. Kh2 Rb3 72. Rg8+ Kf4 73. Ra8 Rd3 74. Ra4+ Rd4 75. Ra8 Rd2+ 
76. Kh3 Rd3+ 77. Kh2 Nd4 78. Rf8+ Kg5 79. Rg8+ Kf6 80. Rf8+ Ke5 
81. Re8+ Ne6 82. Ra8 Ng5 83. Ra2 Kf4 84. Ra4+ Ke3 85. Rg4 Nf3+ 
86. Kh3 Rd1 87. Rg2 Rd2 88. Rg8 Rh2+ 89. Kg4 Kf2 90. Ra8 Rg2+ 
91. Kf4 Ng1 92. Ra2+ Ne2+ 0-1

[Event "Skakligaen 2023-24"]
[Site "Denmark"]
[Date "2023.11.26"]
[Round "3.2"]
[Board "2"]
[White "Rasmussen, Karsten"]
[Black "Matthiesen, Martin"]
[Result "1/2-1/2"]
[WhiteElo "2395"]
[BlackElo "2282"]
[PlyCount "120"]
[WhiteTeam "AarhusSkolerne"]
[BlackTeam "SK1968"]
[WhiteTeamCountry "DEN"]
[BlackTeamCountry "DEN"]
[EventDate "2023.10.28"]
[EventType "team-tourn"]
[EventRounds "9"]
[EventCountry "DEN"]
[SourceTitle "Erik Sobjerg"]
[Table "2"]

1. c4 e6 2. e4 d5 3. exd5 exd5 4. d4 Nf6 5. Nc3 Be7 
6. cxd5 Nxd5 7. Bc4 Nb6 8. Bb3 O-O 9. Nf3 Nc6 10. Be3 Bf5 
11. O-O Na5 12. Bc2 Bxc2 13. Qxc2 Nc6 14. Qe4 Re8 15. Ne5 Bb4 
16. Nxc6 Rxe4 17. Nxd8 Bxc3 18. Nxb7 Bxb2 19. Nc5 Bxa1 20. Nxe4 Bb2 
21. Rb1 Ba3 22. Nc5 Kf8 23. Kf1 Ke7 24. Re1 Bxc5 25. dxc5 Nd5 
26. Bd4+ Kf8 27. c6 a6 28. Bc5+ Kg8 29. Rd1 Nf4 30. Be3 Ne6 
31. f4 g6 32. g4 Rd8 33. Rd7 f5 34. gxf5 gxf5 35. Bf2 Rc8 
36. Bd4 Nxf4 37. Rg7+ Kf8 38. Rxh7 Re8 39. Rxc7 Ne6 40. Rd7 Rc8 
41. c7 Ke8 42. Rd5 Nxd4 43. Rxd4 Rxc7 44. Ra4 Rc6 45. Ra5 Rc1+ 
46. Kg2 Rc2+ 47. Kh3 f4 48. Rxa6 f3 49. a4 f2 50. Kg2 f1=Q+ 
51. Kxf1 Rxh2 52. Rd6 Rh4 53. a5 Rh5 54. a6 Ra5 55. Ke2 Ke7 
56. Rh6 Kd7 57. Rh7+ Kc6 58. a7 Kb6 59. Kd3 Rxa7 60. Rxa7 Kxa7 
1/2-1/2

[Event "Skakligaen 2023-24"]
[Site "Denmark"]
[Date "2023.11.26"]
[Round "3.3"]
[Board "3"]
[White "Bank, Pelle Rodkjaer"]
[Black "Sorensen, Jan"]
[Result "1/2-1/2"]
[WhiteElo "2285"]
[BlackElo "2377"]
[PlyCount "30"]
[WhiteTeam "SK1968"]
[BlackTeam "AarhusSkolerne"]
[WhiteTeamCountry "DEN"]
[BlackTeamCountry "DEN"]
[EventDate "2023.10.28"]
[EventType "team-tourn"]
[EventRounds "9"]
[EventCountry "DEN"]
[SourceTitle "Erik Sobjerg"]
[Table "3"]

1. d4 e6 2. Nf3 Nf6 3. Bf4 b6 4. e3 Bb7 5. Nbd2 Be7 
6. h3 c5 7. c3 O-O 8. Bd3 cxd4 9. exd4 d6 10. Qe2 Nbd7 
11. O-O Qc7 12. Rfe1 Rfe8 13. a4 a6 14. Bh2 Bf8 15. Nc4 Qc6 
1/2-1/2

[Event "Skakligaen 2023-24"]
[Site "Denmark"]
[Date "2023.11.26"]
[Round "3.4"]
[Board "4"]
[White "Skytte, Rasmus"]
[Black "Lindfeldt, Magnus"]
[Result "1-0"]
[WhiteElo "2334"]
[BlackElo "2256"]
[PlyCount "81"]
[WhiteTeam "AarhusSkolerne"]
[BlackTeam "SK1968"]
[WhiteTeamCountry "DEN"]
[BlackTeamCountry "DEN"]
[EventDate "2023.10.28"]
[EventType "team-tourn"]
[EventRounds "9"]
[EventCountry "DEN"]
[SourceTitle "Erik Sobjerg"]
[Table "4"]

1. e4 g6 2. d4 Bg7 3. Nc3 a6 4. h4 h5 5. Be3 b5 
6. Nh3 d6 7. Ng5 Bb7 8. Qd2 Nc6 9. a4 b4 10. Na2 Nf6 
11. d5 Ne5 12. Qxb4 Bc8 13. Be2 O-O 14. O-O c6 15. c4 c5 
16. Qa3 Nh7 17. Rac1 Rb8 18. b4 cxb4 19. Nxb4 Qa5 20. Rb1 Bd7 
21. c5 dxc5 22. Nxa6 Rxb1 23. Rxb1 Nxg5 24. hxg5 c4 25. Nc5 Rc8 
26. Nxd7 Nxd7 27. Qxe7 Qxa4 28. Bd1 Qa2 29. Qxd7 Qxb1 30. Qxc8+ Kh7 
31. Qxc4 Qxd1+ 32. Qf1 Qc2 33. d6 Bf8 34. e5 Qa4 35. Qc1 Kg8 
36. Bf4 h4 37. Qd2 Qd7 38. Kh2 Kh7 39. f3 Qf5 40. Qd4 Qd7 
41. Be3 1-0

[Event "Skakligaen 2023-24"]
[Site "Denmark"]
[Date "2023.11.26"]
[Round "3.5"]
[Board "5"]
[White "Hansen, Lars"]
[Black "Vinther Schou, Uffe"]
[Result "1/2-1/2"]
[WhiteElo "2189"]
[BlackElo "2346"]
[PlyCount "83"]
[WhiteTeam "SK1968"]
[BlackTeam "AarhusSkolerne"]
[WhiteTeamCountry "DEN"]
[BlackTeamCountry "DEN"]
[EventDate "2023.10.28"]
[EventType "team-tourn"]
[EventRounds "9"]
[EventCountry "DEN"]
[SourceTitle "Erik Sobjerg"]
[Table "5"]

1. d4 Nf6 2. Bg5 e6 3. e4 h6 4. Bxf6 Qxf6 5. c3 e5 
6. dxe5 Qxe5 7. Nd2 Bc5 8. Ngf3 Qe7 9. Bd3 O-O 10. O-O d6 
11. Qc2 a5 12. Nd4 Nc6 13. Nxc6 bxc6 14. Rae1 Qf6 15. Nc4 Be6 
16. Qa4 d5 17. Ne3 d4 18. Qxc6 Bd6 19. Nd5 Qg5 20. cxd4 Bxd5 
21. Qxd5 Qxd5 22. exd5 Rab8 23. b3 Rfe8 24. Re2 Kf8 25. Rc1 Rb4 
26. Rxe8+ Kxe8 27. Bc4 Kd7 28. Kf1 Rb8 29. a4 Bf4 30. Rc3 Kd6 
31. Rf3 Bg5 32. Ke2 Re8+ 33. Kd3 Re7 34. g3 f6 35. h4 Bc1 
36. Kc2 Re1 37. Rd3 g5 38. Rd1 Rxd1 39. Kxd1 Bb2 40. hxg5 fxg5 
41. Kd2 Bxd4 42. g4 1/2-1/2

[Event "Skakligaen 2023-24"]
[Site "Denmark"]
[Date "2023.11.26"]
[Round "3.6"]
[Board "6"]
[White "Sobjerg, Erik"]
[Black "Rewitz, Poul"]
[Result "1/2-1/2"]
[WhiteElo "2299"]
[BlackElo "2199"]
[PlyCount "189"]
[WhiteTeam "AarhusSkolerne"]
[BlackTeam "SK1968"]
[WhiteTeamCountry "DEN"]
[BlackTeamCountry "DEN"]
[EventDate "2023.10.28"]
[EventType "team-tourn"]
[EventRounds "9"]
[EventCountry "DEN"]
[SourceTitle "Erik Sobjerg"]
[Table "6"]

1. e4 c6 2. d4 d5 3. e5 Bf5 4. h4 h5 5. Bd3 Qd7 
6. Ne2 Na6 7. c3 Nc7 8. Na3 g6 9. Bg5 Nh6 10. Nc2 Bg7 
11. Ne3 Bxd3 12. Qxd3 Nf5 13. O-O Nxe3 14. fxe3 Ne6 15. Rf3 O-O 
16. Raf1 c5 17. Ng3 Nxg5 18. hxg5 Qg4 19. Ne2 c4 20. Qc2 Qxg5 
21. Rg3 Qh6 22. Nf4 e6 23. Nh3 b5 24. Rg5 Rab8 25. e4 f6 
26. exf6 Bxf6 27. Rg3 Bh4 28. Rgf3 Rxf3 29. Rxf3 Rf8 30. exd5 Rxf3 
31. gxf3 exd5 32. Qe2 Kh7 33. f4 Qf8 34. Ng5+ Bxg5 35. fxg5 Qd6 
36. Kg2 Qd7 37. Kg3 Qd6+ 38. Kg2 Kg7 39. Qe8 a6 40. Kh3 a5 
41. a3 Qf4 42. Qe7+ Qf7 43. Qe5+ Kg8 44. Kg2 Qd7 45. Kh2 Qf5 
46. Qe8+ Kg7 47. Qe7+ Qf7 48. Qe5+ Kf8 49. Qd6+ Ke8 50. Kg2 Qf5 
51. Qb8+ Ke7 52. Qc7+ Qd7 53. Qe5+ Qe6 54. Qc7+ Ke8 55. Qb8+ Kf7 
56. Qf4+ Kg8 57. Qb8+ Kg7 58. Qc7+ Qf7 59. Qe5+ Kh7 60. Kg3 Qd7 
61. Kh2 a4 62. Qe3 Kg8 63. Qe5 Qf5 64. Qe8+ Kg7 65. Qe7+ Qf7 
66. Qe5+ Kf8 67. Qd6+ Ke8 68. Kg2 Qf5 69. Qb8+ Ke7 70. Qc7+ Ke8 
71. Qb8+ Kf7 72. Qc7+ Kg8 73. Qd8+ Kg7 74. Qe7+ Qf7 75. Qe5+ Kg8 
76. Qb8+ Kg7 77. Qe5+ Kh7 78. Kg3 Qd7 79. Kh2 Kg8 80. Qb8+ Kf7 
81. Qf4+ Ke8 82. Qb8+ Qd8 83. Qe5+ Kf7 84. Qf4+ Kg8 85. Qe5 Kh7 
86. Kg3 Qd7 87. Kh2 h4 88. Qf4 Kg8 89. Qxh4 Qf5 90. Qg3 Qc2+ 
91. Qg2 Qxg2+ 92. Kxg2 Kf7 93. Kf3 Ke6 94. Kf4 Kd6 95. Ke3 1/2-1/2

[Event "Skakligaen 2023-24"]
[Site "Denmark"]
[Date "2023.11.26"]
[Round "3.7"]
[Board "7"]
[White "Moller, Morten Kock"]
[Black "Baekgaard, Martin"]
[Result "0-1"]
[WhiteElo "2227"]
[BlackElo "2246"]
[PlyCount "72"]
[WhiteTeam "SK1968"]
[BlackTeam "AarhusSkolerne"]
[WhiteTeamCountry "DEN"]
[BlackTeamCountry "DEN"]
[EventDate "2023.10.28"]
[EventType "team-tourn"]
[EventRounds "9"]
[EventCountry "DEN"]
[SourceTitle "Erik Sobjerg"]
[Table "7"]

1. e4 d6 2. d4 Nf6 3. Nc3 e5 4. dxe5 dxe5 5. Qxd8+ Kxd8 
6. f4 Bd6 7. Nf3 Nbd7 8. f5 c6 9. Bd3 b5 10. Bg5 Bb7 
11. O-O-O Ke7 12. g4 Nb6 13. Rhe1 h6 14. Bh4 a6 15. Ne2 Nbd7 
16. Ng3 g5 17. fxg6 fxg6 18. g5 hxg5 19. Bxg5 Raf8 20. Nh4 Rhg8 
21. Bf1 Bc7 22. Bh3 Nc5 23. Bh6 Rd8 24. Rxd8 Bxd8 25. Rd1 Ne6 
26. Be3 Nf4 27. Bc5+ Ke8 28. Bf1 Nd7 29. Nhf5 gxf5 30. Nxf5 Nxc5 
31. Nd6+ Ke7 32. b4 Nce6 33. Nxb7 Bc7 34. c3 Rb8 35. Nc5 Nxc5 
36. bxc5 Rd8 0-1

[Event "Skakligaen 2023-24"]
[Site "Denmark"]
[Date "2023.11.26"]
[Round "3.8"]
[Board "8"]
[White "Pedersen, Finn"]
[Black "Joyce, Stephen"]
[Result "1-0"]
[WhiteElo "2246"]
[BlackElo "2082"]
[PlyCount "65"]
[WhiteTeam "AarhusSkolerne"]
[BlackTeam "SK1968"]
[WhiteTeamCountry "DEN"]
[BlackTeamCountry "DEN"]
[EventDate "2023.10.28"]
[EventType "team-tourn"]
[EventRounds "9"]
[EventCountry "DEN"]
[SourceTitle "Erik Sobjerg"]
[Table "8"]

1. Nf3 d5 2. d4 Nf6 3. Bf4 c5 4. c3 e6 5. e3 Nc6 
6. Nbd2 Qb6 7. Qb1 Be7 8. h3 Bd7 9. Bd3 Rc8 10. O-O cxd4 
11. exd4 Na5 12. Re1 Bb5 13. Bc2 Nc4 14. a4 Nxd2 15. Bxd2 Bc6 
16. a5 Qc7 17. Ne5 Bb5 18. Bg5 h6 19. Bh4 O-O 20. Qd1 Ne8 
21. Bg3 Bd6 22. f4 Nf6 23. Bh4 Nd7 24. Qh5 Nxe5 25. fxe5 Be7 
26. Bf2 Rfe8 27. Re3 Bf8 28. Rg3 g6 29. Be3 Qe7 30. Bxh6 Be2 
31. Rxg6+ fxg6 32. Qxg6+ Kh8 33. Bg5 1-0

[Event "Skakligaen 2023-24"]
[Site "Denmark"]
[Date "2023.11.26"]
[Round "3.1"]
[Board "1"]
[White "Hillarp Persson, Tiger"]
[Black "Hector, Jonny"]
[Result "1/2-1/2"]
[WhiteElo "2497"]
[BlackElo "2436"]
[PlyCount "63"]
[WhiteTeam "Bronshoj"]
[BlackTeam "Nordkalotten"]
[WhiteTeamCountry "DEN"]
[BlackTeamCountry "DEN"]
[EventDate "2023.10.28"]
[EventType "team-tourn"]
[EventRounds "9"]
[EventCountry "DEN"]
[SourceTitle "Martin Noer"]
[Table "1"]

1. Nf3 d5 2. g3 Bg4 3. Bg2 Nd7 4. d4 e6 5. Nbd2 c5 
6. c4 Ngf6 7. O-O Be7 8. b3 cxd4 9. Nxd4 e5 10. h3 Bxh3 
11. Bxh3 exd4 12. Bb2 dxc4 13. Bxd4 cxb3 14. Qxb3 O-O 15. Qxb7 Nc5 
16. Bxc5 Bxc5 17. Nc4 Rb8 18. Qc6 Qe7 19. e3 Ne4 20. Bg2 Nc3 
21. Rfe1 Rb4 22. Bf1 Rd8 23. Rac1 Ne4 24. Bg2 Nf6 25. a3 Rbb8 
26. Qa4 Nd7 27. Qc2 Bxa3 28. Nxa3 Qxa3 29. Ra1 Qc5 30. Qxc5 Nxc5 
31. Rxa7 h6 32. Ra2 1/2-1/2

[Event "Skakligaen 2023-24"]
[Site "Denmark"]
[Date "2023.11.26"]
[Round "3.2"]
[Board "2"]
[White "Brynell, Stellan"]
[Black "Vasli, Aref"]
[Result "0-1"]
[WhiteElo "2401"]
[BlackElo "2392"]
[PlyCount "122"]
[WhiteTeam "Nordkalotten"]
[BlackTeam "Bronshoj"]
[WhiteTeamCountry "DEN"]
[BlackTeamCountry "DEN"]
[EventDate "2023.10.28"]
[EventType "team-tourn"]
[EventRounds "9"]
[EventCountry "DEN"]
[SourceTitle "Martin Noer"]
[Table "2"]

1. d4 Nf6 2. Nf3 e6 3. c4 d5 4. Nc3 c6 5. Bg5 Nbd7 
6. e3 Bd6 7. Bd3 O-O 8. O-O dxc4 9. Bxc4 b5 10. Bd3 Bb7 
11. Rc1 a6 12. Ne4 Be7 13. Bxf6 gxf6 14. Qc2 Kg7 15. Rfd1 Qc7 
16. Qe2 Rad8 17. Nfd2 f5 18. Ng3 Kh8 19. Nb3 Rg8 20. Qc2 Rc8 
21. Nc5 Nxc5 22. dxc5 Qe5 23. Be2 Rcd8 24. Rxd8 Rxd8 25. Bf3 Bf6 
26. b3 Qb2 27. Qxb2 Bxb2 28. Rc2 Be5 29. Nh5 a5 30. g3 Kg8 
31. Nf4 Kf8 32. Kf1 Ke7 33. Be2 Bh8 34. h3 Bc8 35. Bf3 e5 
36. Ng2 b4 37. Ke1 Ba6 38. Be2 Bd3 39. Bxd3 Rxd3 40. Ke2 Rd5 
41. e4 fxe4 42. Ne3 Rd4 43. Nc4 Ke6 44. Nxa5 Kd5 45. Nc4 f5 
46. Ne3+ Ke6 47. g4 f4 48. Nf5 Bf6 49. Nxd4+ exd4 50. Rc4 f3+ 
51. Ke1 Kd5 52. Rxb4 e3 53. Rb7 Bh4 54. Rxh7 Bxf2+ 55. Kf1 Ke4 
56. Re7+ Kd3 57. g5 Bh4 58. g6 Bxe7 59. g7 e2+ 60. Kf2 Bh4+ 
61. Kxf3 e1=Q 0-1

[Event "Skakligaen 2023-24"]
[Site "Denmark"]
[Date "2023.11.26"]
[Round "3.3"]
[Board "3"]
[White "Pilgaard, Kim"]
[Black "Sylvan, Jacob"]
[Result "1/2-1/2"]
[WhiteElo "2379"]
[BlackElo "2296"]
[PlyCount "84"]
[WhiteTeam "Bronshoj"]
[BlackTeam "Nordkalotten"]
[WhiteTeamCountry "DEN"]
[BlackTeamCountry "DEN"]
[EventDate "2023.10.28"]
[EventType "team-tourn"]
[EventRounds "9"]
[EventCountry "DEN"]
[SourceTitle "Martin Noer"]
[Table "3"]

1. d4 Nf6 2. c4 e6 3. Nc3 d5 4. cxd5 exd5 5. Bg5 c6 
6. e3 Bd6 7. Bd3 O-O 8. Nge2 h6 9. Bh4 Re8 10. h3 a5 
11. O-O Na6 12. Bc2 Bd7 13. a3 Nc7 14. Qd3 g6 15. f3 Be7 
16. Bf2 Bf8 17. e4 Be6 18. Rad1 Bg7 19. Bh4 Qc8 20. Qd2 Nh7 
21. Bg3 Qd8 22. Bf4 h5 23. e5 b5 24. Bh2 Qd7 25. f4 Bh6 
26. Kh1 Kh8 27. Qe1 Qe7 28. Qf2 b4 29. Nb1 bxa3 30. bxa3 h4 
31. f5 gxf5 32. Bxf5 Rab8 33. Qf3 Rb2 34. Nbc3 Nb5 35. Bxe6 fxe6 
36. Qh5 Nxc3 37. Nxc3 Bg7 38. Rf4 Rg8 39. Rxh4 Bf8 40. Rf1 Rg7 
41. Rhf4 Kg8 42. Na4 Rbxg2 1/2-1/2

[Event "Skakligaen 2023-24"]
[Site "Denmark"]
[Date "2023.11.26"]
[Round "3.4"]
[Board "4"]
[White "Kristensen, Kaare Hove"]
[Black "Hoi, Carsten"]
[Result "1-0"]
[WhiteElo "2258"]
[BlackElo "2323"]
[PlyCount "69"]
[WhiteTeam "Nordkalotten"]
[BlackTeam "Bronshoj"]
[WhiteTeamCountry "DEN"]
[BlackTeamCountry "DEN"]
[EventDate "2023.10.28"]
[EventType "team-tourn"]
[EventRounds "9"]
[EventCountry "DEN"]
[SourceTitle "Martin Noer"]
[Table "4"]

1. d4 g6 2. c4 Bg7 3. e4 d6 4. Nc3 Nc6 5. Be3 e5 
6. Nge2 Nh6 7. d5 Ne7 8. f3 f5 9. Qd2 Nf7 10. O-O-O O-O 
11. Kb1 b6 12. h4 f4 13. Bf2 Bd7 14. g3 a6 15. Ka1 fxg3 
16. Nxg3 Bh6 17. Be3 Bf4 18. Nce2 Bxe3 19. Qxe3 Kh8 20. Bh3 Bxh3 
21. Rxh3 Qd7 22. Rhh1 Qa4 23. f4 Qb4 24. h5 exf4 25. Nxf4 Ne5 
26. hxg6 Qxb2+ 27. Kxb2 Nxc4+ 28. Kc1 Nxe3 29. Rxh7+ Kg8 30. Ne6 Nxd1 
31. Rg7+ Kh8 32. Rxe7 Rf6 33. g7+ Kg8 34. Kxd1 b5 35. Nf5 1-0

[Event "Skakligaen 2023-24"]
[Site "Denmark"]
[Date "2023.11.26"]
[Round "3.5"]
[Board "5"]
[White "Palm, Nikolaj"]
[Black "Jakobsen, Peter"]
[Result "1/2-1/2"]
[WhiteElo "2271"]
[BlackElo "2162"]
[PlyCount "33"]
[WhiteTeam "Bronshoj"]
[BlackTeam "Nordkalotten"]
[WhiteTeamCountry "DEN"]
[BlackTeamCountry "DEN"]
[EventDate "2023.10.28"]
[EventType "team-tourn"]
[EventRounds "9"]
[EventCountry "DEN"]
[SourceTitle "Martin Noer"]
[Table "5"]

1. d4 d5 2. c4 e6 3. Nc3 Nf6 4. Nf3 Be7 5. Bf4 O-O 
6. e3 c5 7. Be2 cxd4 8. exd4 dxc4 9. Bxc4 Nc6 10. O-O b6 
11. Qd3 Bb7 12. a3 Na5 13. Ba2 Nd5 14. Bb1 g6 15. Bh6 Re8 
16. Ne4 Nf6 17. Ned2 1/2-1/2

[Event "Skakligaen 2023-24"]
[Site "Denmark"]
[Date "2023.11.26"]
[Round "3.6"]
[Board "6"]
[White "Nielsen, Lars Aaes"]
[Black "Junge, Ralph"]
[Result "1/2-1/2"]
[WhiteElo "2189"]
[BlackElo "2253"]
[PlyCount "60"]
[WhiteTeam "Nordkalotten"]
[BlackTeam "Bronshoj"]
[WhiteTeamCountry "DEN"]
[BlackTeamCountry "DEN"]
[EventDate "2023.10.28"]
[EventType "team-tourn"]
[EventRounds "9"]
[EventCountry "DEN"]
[SourceTitle "Martin Noer"]
[Table "6"]

1. e4 c5 2. c3 d5 3. exd5 Nf6 4. d4 cxd4 5. Qxd4 Qxd5 
6. Qxd5 Nxd5 7. Bc4 Nb6 8. Bb3 N8d7 9. Be3 e5 10. Nf3 f6 
11. a4 Nc5 12. Bxc5 Bxc5 13. a5 Nd7 14. Bd5 a6 15. b4 Ba7 
16. O-O Ke7 17. Na3 Rd8 18. Rad1 Rb8 19. Nc4 Nf8 20. Ne3 Be6 
21. c4 Bxe3 22. fxe3 Bxd5 23. cxd5 Rbc8 24. Rd2 Rc3 25. Rb1 Rdc8 
26. Kf2 Rc2 27. Rb2 Rxb2 28. Rxb2 Nd7 29. e4 Rc3 30. Nd2 g6 
1/2-1/2

[Event "Skakligaen 2023-24"]
[Site "Denmark"]
[Date "2023.11.26"]
[Round "3.7"]
[Board "7"]
[White "Falkesgaard, Jeppe Hald"]
[Black "Ejsing, Esben"]
[Result "1-0"]
[WhiteElo "2162"]
[BlackElo "2075"]
[PlyCount "101"]
[WhiteTeam "Bronshoj"]
[BlackTeam "Nordkalotten"]
[WhiteTeamCountry "DEN"]
[BlackTeamCountry "DEN"]
[EventDate "2023.10.28"]
[EventType "team-tourn"]
[EventRounds "9"]
[EventCountry "DEN"]
[SourceTitle "Martin Noer"]
[Table "7"]

1. c4 e6 2. g3 c5 3. Bg2 Nc6 4. Nf3 b6 5. d4 cxd4 
6. Nxd4 Bb7 7. Nc3 Nf6 8. O-O a6 9. e4 Nxd4 10. Qxd4 Bc5 
11. Qd3 O-O 12. Bf4 d6 13. Rad1 e5 14. Be3 Qc7 15. Bxc5 dxc5 
16. Qd6 Rac8 17. Qxc7 Rxc7 18. Rd6 Bc6 19. Nd5 Bxd5 20. cxd5 Rb8 
21. f4 exf4 22. gxf4 Ne8 23. Rc6 Rxc6 24. dxc6 Rd8 25. Rf2 Nc7 
26. Bh3 Rd1+ 27. Kg2 Kf8 28. Bd7 c4 29. Rc2 b5 30. Kf3 Ke7 
31. e5 g6 32. Ke4 Rd3 33. f5 gxf5+ 34. Bxf5 h6 35. Rg2 Rd1 
36. Rg8 Re1+ 37. Kd4 Rd1+ 38. Kc5 Re1 39. Kb6 Nd5+ 40. Kb7 Rxe5 
41. Bg4 b4 42. Bf3 c3 43. Bxd5 c2 44. Rg1 Kd6 45. Bf3 Rc5 
46. Rc1 f5 47. Be2 a5 48. Bd3 Rxc6 49. Rxc2 Rxc2 50. Bxc2 f4 
51. Kb6 1-0

[Event "Skakligaen 2023-24"]
[Site "Denmark"]
[Date "2023.11.26"]
[Round "3.8"]
[Board "8"]
[White "Noer, Martin Stampe"]
[Black "Holmsgaard, Henrik"]
[Result "0-1"]
[WhiteElo "1832"]
[BlackElo "2149"]
[PlyCount "76"]
[WhiteTeam "Nordkalotten"]
[BlackTeam "Bronshoj"]
[WhiteTeamCountry "DEN"]
[BlackTeamCountry "DEN"]
[EventDate "2023.10.28"]
[EventType "team-tourn"]
[EventRounds "9"]
[EventCountry "DEN"]
[SourceTitle "Martin Noer"]
[Table "8"]

1. d4 d5 2. Bf4 c5 3. e3 cxd4 4. exd4 Nc6 5. Nf3 Bg4 
6. Nbd2 e6 7. Bb5 Bd6 8. Bxd6 Qxd6 9. c3 Nge7 10. O-O O-O 
11. Re1 a6 12. Bd3 Bf5 13. Bxf5 Nxf5 14. a4 f6 15. Qe2 Rae8 
16. Rad1 g5 17. Nb3 Re7 18. Qd3 Ng7 19. g3 g4 20. Nh4 f5 
21. Ng2 e5 22. Ne3 e4 23. Qe2 Ne6 24. Nd2 Rg7 25. Ng2 Ne7 
26. Qe3 f4 27. gxf4 Nf5 28. Qe2 Nxf4 29. Nxf4 Qxf4 30. Nxe4 Re7 
31. Qf1 Rxe4 32. Rxe4 Qxe4 33. Re1 Qf4 34. Re5 Nh4 35. Kh1 Qxf2 
36. Qxf2 Rxf2 37. Rg5+ Kf7 38. Rxg4 Nf3 0-1

[Event "Skakligaen 2023-24"]
[Site "Denmark"]
[Date "2023.12.10"]
[Round "4.1"]
[Board "1"]
[White "Chatalbashev, Boris"]
[Black "Ramsdal, Jens Albert"]
[Result "1/2-1/2"]
[WhiteElo "2457"]
[BlackElo "2420"]
[PlyCount "90"]
[WhiteTeam "Fredericia"]
[BlackTeam "SK1968"]
[WhiteTeamCountry "DEN"]
[BlackTeamCountry "DEN"]
[EventDate "2023.10.28"]
[EventType "team-tourn"]
[EventRounds "9"]
[EventCountry "DEN"]
[SourceTitle "Turneringssystemet"]
[Table "1"]

1. Nf3 Nf6 2. g3 d5 3. Bg2 e6 4. O-O Be7 5. d3 O-O 
6. Nbd2 Nc6 7. e4 dxe4 8. dxe4 e5 9. c3 a5 10. Qe2 Bc5 
11. Nc4 Qe7 12. Ne3 Rd8 13. Nh4 g6 14. Nd5 Nxd5 15. exd5 Nb8 
16. Be3 Bd6 17. Rae1 b6 18. Bh6 Ba6 19. c4 Re8 20. f4 e4 
21. f5 Nd7 22. b3 Bb4 23. fxg6 hxg6 24. Qb2 Qe5 25. Qxe5 Rxe5 
26. Rxe4 Rxe4 27. Bxe4 Re8 28. Bf3 b5 29. cxb5 Bxb5 30. Rc1 Bc5+ 
31. Kg2 Bd6 32. a4 Bd3 33. Bf4 Nc5 34. Rc3 Re1 35. Kf2 Rb1 
36. Ke3 Ba6 37. Ng2 Rxb3 38. Rxb3 Nxb3 39. Bxd6 cxd6 40. Bd1 Bc4 
41. Nf4 g5 42. Nh5 Kf8 43. Nf6 Ke7 44. Ng8+ Kf8 45. Nf6 Ke7 
1/2-1/2

[Event "Skakligaen 2023-24"]
[Site "Denmark"]
[Date "2023.12.10"]
[Round "4.2"]
[Board "2"]
[White "Lauridsen, Jesper Morch"]
[Black "Fries Nielsen, Jens Ove"]
[Result "0-1"]
[WhiteElo "2299"]
[BlackElo "2379"]
[PlyCount "46"]
[WhiteTeam "SK1968"]
[BlackTeam "Fredericia"]
[WhiteTeamCountry "DEN"]
[BlackTeamCountry "DEN"]
[EventDate "2023.10.28"]
[EventType "team-tourn"]
[EventRounds "9"]
[EventCountry "DEN"]
[SourceTitle "Turneringssystemet"]
[Table "2"]

1. e4 d6 2. d4 a6 3. c4 Nf6 4. Nc3 Nbd7 5. Nf3 e5 
6. Be2 c6 7. O-O g6 8. c5 exd4 9. cxd6 dxc3 10. e5 Nd5 
11. Bg5 Qa5 12. b4 Qxb4 13. Rb1 Qc5 14. Qa4 h6 15. e6 hxg5 
16. exd7+ Bxd7 17. Qe4+ Be6 18. d7+ Kxd7 19. Rxb7+ Kc8 20. Qb1 Bd6 
21. Rc1 g4 22. Nd2 Bxh2+ 23. Kf1 Bg3 0-1

[Event "Skakligaen 2023-24"]
[Site "Denmark"]
[Date "2023.12.10"]
[Round "4.3"]
[Board "3"]
[White "Kanov, Nikola Krasimirov"]
[Black "Matthiesen, Martin"]
[Result "1-0"]
[WhiteElo "2371"]
[BlackElo "2294"]
[PlyCount "113"]
[WhiteTeam "Fredericia"]
[BlackTeam "SK1968"]
[WhiteTeamCountry "DEN"]
[BlackTeamCountry "DEN"]
[EventDate "2023.10.28"]
[EventType "team-tourn"]
[EventRounds "9"]
[EventCountry "DEN"]
[SourceTitle "Turneringssystemet"]
[Table "3"]

1. e4 c6 2. d4 d5 3. Nc3 dxe4 4. Nxe4 Bf5 5. Ng3 Bg6 
6. h4 h6 7. Nf3 Nd7 8. Bd3 Bxd3 9. Qxd3 e6 10. Bf4 Qa5+ 
11. Bd2 Bb4 12. c3 Be7 13. c4 Bb4 14. Ne4 Ngf6 15. Nd6+ Ke7 
16. Nxb7 Qb6 17. Qb3 a5 18. Bxb4+ axb4 19. Nd6 Kxd6 20. c5+ Nxc5 
21. dxc5+ Qxc5 22. O-O Ke7 23. Rfe1 Ng4 24. Re4 Qxf2+ 25. Kh1 Nf6 
26. Qxb4+ Ke8 27. Qb7 Qa7 28. Qxc6+ Ke7 29. Rd4 Rhd8 30. Rxd8 Rxd8 
31. b4 Rd6 32. Qc4 Qa3 33. Re1 Nd5 34. Nd4 Kf6 35. Nb5 Qg3 
36. Qf1+ Ke7 37. Nxd6 Qxh4+ 38. Kg1 Kxd6 39. b5 Nf4 40. Rd1+ Kc5 
41. Rc1+ Kb6 42. Rc6+ Ka7 43. Rc7+ Kb6 44. Rxf7 g5 45. Qf2+ Qxf2+ 
46. Kxf2 Kxb5 47. Rh7 h5 48. g3 Nd3+ 49. Ke3 Nb4 50. Rxh5 Nxa2 
51. Rh6 Kc5 52. Rxe6 Kd5 53. Rg6 Nc3 54. Rxg5+ Ke6 55. Rc5 Nd5+ 
56. Rxd5 Kxd5 57. Kf4 1-0